000 00923cam a2200277 a 4500
999 _c2316
_d2316
001 13722425
003 GZU
005 20201028134257.0
008 040917s2006 caua b 001 0 eng
010 _a 2004113632
020 _a0495007293 (international student ed.)
040 _aDLC
_cDLC
_dDLC
050 0 0 _aHM716
_bFOR 2006
082 0 0 _a302.3/4
_222
100 1 _aForsyth, Donelson R.,
_d1953-
245 1 0 _aGroup dynamics /
_cDonelson R. Forsyth.
250 _a4th ed.
260 _aBelmont, CA :
_bThomson/Wadsworth,
_cc2006.
300 _axxii, 682 p. :
_bill. ;
_c24 cm.
504 _aIncludes bibliographical references (p. 589-658) and indexes.
650 0 _aSocial groups.
906 _a7
_bcbc
_corigcop
_d2
_eepcn
_f20
_gy-gencatlg
942 _2lcc
_cBK
_e4th
_h716
_iFOR
_kHM